| 000 | 00642nam a2200205Ia 4500 | ||
|---|---|---|---|
| 008 | 140429s9999 xx 000 0 und d | ||
| 020 | _a9780745653235 | ||
| 050 |
_aJC 330 _b.M3385 2011 |
||
| 100 | _aMann, Michael | ||
| 245 |
_aPower in the 21st century : _bconversations with John A. Hall / _cMichael Mann. |
||
| 260 |
_aMassachusetts : _bPolity Press, _cc2011. |
||
| 300 |
_a179 p. : _c23 cm. |
||
| 500 | _aIncludes bibliographical references. | ||
| 521 | _aBSBA | ||
| 650 | _aMann, Michael (Soziologe). | ||
| 650 |
_aMann, Michael, 1942 _xInterviews. |
||
| 650 | _aPower (Social sciences). | ||
| 942 |
_kFOR _cBK |
||
| 999 |
_c115715 _d115715 |
||